Intercultural Communication for the Global Business Professional (Record no. 3858)

MARC details
005 - DATE AND TIME OF LATEST TRANSACTION
control field 20250612124100.0
020 ## - INTERNATIONAL STANDARD BOOK NUMBER
International Standard Book Number 978-1-03-228539-9
082 ## - DEWEY DECIMAL CLASSIFICATION NUMBER
Classification number 658.45 BER
245 ## - TITLE STATEMENT
Title Intercultural Communication for the Global Business Professional
260 ## - PUBLICATION, DISTRIBUTION, ETC.
Place of publication, distribution, etc. New York,
Name of publisher, distributor, etc. Routledge, Taylor & Francis Group,
Date of publication, distribution, etc. 2024.
300 ## - PHYSICAL DESCRIPTION
Extent xxii, 165p.: ill.; figure, table,
Other physical details references & index,
Dimensions 22cm.
700 ## - ADDED ENTRY--PERSONAL NAME
Other authors/Editors Ed. by BERKLAND, M . K . & BUXBAUM, A . G .
942 ## - ADDED ENTRY ELEMENTS (KOHA)
Source of classification or shelving scheme Dewey Decimal Classification
Koha item type Books
Holdings
Date last seen Total checkouts Full call number Barcode Cost, replacement price Price effective from Koha item type Lost status Source of classification or shelving scheme Damaged status Not for loan Withdrawn status Home library Current library Shelving location Date acquired Cost, normal purchase price
06/12/2025   658.45 BER 00000012751 372298.98 06/12/2025 Books   Dewey Decimal Classification       College of Business Education Main Library College of Business Education Main Library General Collection 09/17/2024 124099.66
06/12/2025   658.45 BER 00000012752 372298.98 06/12/2025 Books   Dewey Decimal Classification       College of Business Education Main Library College of Business Education Main Library General Collection 09/17/2024 124099.66
06/12/2025   658.45 BER 00000012753 372298.98 06/12/2025 Books   Dewey Decimal Classification       College of Business Education Main Library College of Business Education Main Library General Collection 09/17/2024 124099.66
06/12/2025   658.45 BER 00000012754 372298.98 06/12/2025 Books   Dewey Decimal Classification       College of Business Education Main Library College of Business Education Main Library General Collection 09/17/2024 124099.66
06/12/2025   658.45 BER 00000012755 372298.98 06/12/2025 Books   Dewey Decimal Classification       College of Business Education Main Library College of Business Education Main Library General Collection 09/17/2024 124099.66